| 000 | 00369nam a2200133Ia 4500 | ||
|---|---|---|---|
| 008 | 231017s9999 xx 000 0 und d | ||
| 082 | _a625.84 | ||
| 082 | _bCER | ||
| 245 | 0 | _aCertified Technician Program Training Manual for Hot Mix Asphalt (Construction) - Revised 2004 | |
| 245 | 0 | _cIndiana Dept Tn | |
| 260 | _bIndiana Dept Tn | ||
| 300 | _c30cm | ||
| 942 | _cREP | ||
| 999 |
_c604844 _d604844 |
||